000 00611nam a2200205 a 4500
001 000012698
005 20240530073915.0
008 091116s1999 dr a 000 f spa d
020 _a9993430013
040 _aDO-SdBNP
_bspa
_cBNPHU
082 _aRD863.44
_bP887s
100 1 _aPower, Johnny,
_d1974-
_929474
245 1 3 _aUn sueƱo y una vida /
_cJohnny Power.
260 _aSanto Domingo :
_bValdez,
_c1999.
300 _a122 p. :
_bil. ;
_c21 cm.
590 _aInventariado, 2019/VM
650 0 _aNovela dominicana
_9223
650 0 _aLiteratura dominicana.
_967
910 _aValidado. Control de calidad MFF
999 _c12349
_d12349